| 000 | 00000nam##2200000za#4500 |
| 001 | 9.604256 |
| 003 | CaOODSP |
| 005 | 20210624211459 |
| 007 | cr ||||||||||| |
| 008 | 150406|2006||||xxc|||||o f|0| 0 fre|d |
| 040 | |aCaOODSP|bfre |
| 043 | |an-cn--- |
| 086 | 1 |aTU3-5/06-16F-PDF |
| 110 | 2 |aBureau de la sécurité des transports du Canada. |
| 245 | 10|aDécollage intempestif et collision avec le relief de l'hélicoptère Eurocopter AS 350 B2 C-GBHH, exploité par Highland Helicopters Limited à l'aéroport de Grande Prairie (Alberta), le 5 juillet 2006 |h[ressource électronique] |
| 260 | |aGatineau - Québec : |bBureau de la sécurité des transports du Canada |c2008. |
| 300 | |a27p.|bfigure, tableaux, photographies |
| 490 | 1 |aRapport d'enquête aéronautique |vA06P0123 |
| 500 | |a« Le Bureau a autorisé la publication du rapport le 4 mars 2008 » --p.23. |
| 590 | |a12-33-Supp|b2012-07-18 |
| 775 | 08|tUnintentional lift-off and collision with terrain - Highland Helicopters Limited Eurocopter AS 350 B2 (helicopter) C-GBHH Grande Prairie Airport, Alberta, 05 July 2006 |w(CaOODSP)9.574512 |
| 830 | #0|aRapport d'enquête aéronautique ;|vA06P0123|w(CaOODSP)9.501229 |
| 856 | 40|ahttp://publications.gc.ca|qPDF|s602 Ko|uhttps://publications.gc.ca/collections/collection_2012/bst-tsb/TU3-5-06-16-fra.pdf|yA06P0123 |